Logo BPK

Biblioteka

Politechniki Koszalińskiej

Agrophysical bases of soils and cultivated plants productivity = (Rekord nr 29953)

Szczegóły MARC
000 -ETYKIETA REKORDU
podpole kontrolne o stałej długości 01035nam a2200241 i 4500
001 - NUMER KONTROLNY REKORDU
pole kontrolne bg
020 ## - MIĘDZYNARODOWY ZNORMALIZOWANY NUMER KSIĄŻKI - ISBN
ISBN 8390034786
040 ## - ŹRÓDŁO KATALOGOWANIA
Instytucja, która utworzyła rekord BPK
041 ## - KOD JĘZYKA
Kod języka tekstu pol
080 ## - UNIWERSALNA KLASYFIKACJA DZIESIĘTNA - UKD
UKD 631.4
920 ## - Międzynarodowy znormalizowany numer książki – ISBN
ISBN 83-900347-8-6
008 - POLE O STAŁEJ DŁUGOŚCI - DANE KONTROLNE
podpole kontrolne o stałej długości s pl f |000 0 pol
245 #0 - TYTUŁ/ODPOWIEDZIALNOŚĆ
Tytuł Agrophysical bases of soils and cultivated plants productivity =
Ciąg dalszy tytułu Agrofizyczne podstawy produktywności gleb i roślin uprawnych.
Oznaczenie części/sekcji dzieła P. 3,
Tytuł części/sekcji dzieła Organic soils = Gleby organiczne /
Pozostałe elementy strefy tytułu i oznaczenia odpowiedzialności red. zesz. Henryk Okruszko, Jan Gliński, Ewa Sokora.
260 ## - STREFA ADRESU WYDAWNICZEGO
Miejsce wydania Lublin :
Nazwa wydawcy/dystrybutora Instytut Agrofizyki,
Data publikacji, dystrybucji/powstania dokumentu 1993.
300 ## - STREFA OPISU FIZYCZNEGO
Objętość 159 s. :
Inne cechy fizyczne rys., wykr.
490 1# - STREFA SERII I DOKUMENTU WIELOCZĘŚCIOWEGO - FORMA NIE DO WYSZUKIWANIA
Tytuł i oznaczenie odpowiedzialności serii Zeszyty Problemowe Postępów Nauk Rolniczych / Polska Akademia Nauk. Wydział Nauk Rolniczych,
ISSN 0084-5477 ;
Numeracja w obrębie serii z.406
700 1# - HASŁO DODATKOWE - NAZWA OSOBOWA
Nazwa osobowa Okruszko, Henryk.
Określenie związku między hasłem a opisywanym materiałem Red.
700 1# - HASŁO DODATKOWE - NAZWA OSOBOWA
Nazwa osobowa Gliński, Jan
Daty związane z nazwą (1933- ).
Określenie związku między hasłem a opisywanym materiałem Red.
700 1# - HASŁO DODATKOWE - NAZWA OSOBOWA
Nazwa osobowa Sokora, Ewa.
Określenie związku między hasłem a opisywanym materiałem Red.
710 ## - HASŁO DODATKOWE - NAZWA CIAŁA ZBIOROWEGO
Nazwa ciała zbiorowego lub jednostki geograficznej Polska Akademia Nauk.
Nazwa jednostki podrzędnej Wydział Nauk Rolniczych
830 #0 - HASŁO DODATKOWE SERII LUB DOKUMENTU WIELOCZĘŚCIOWEGO - TYTUŁ UJEDNOLICONY
Tytuł ujednolicony Zeszyty Problemowe Postępów Nauk Rolniczych (Polska Akademia Nauk. Wydział Nauk Rolniczych) ;
Oznaczenie tomu z.406
856 ## - LOKALIZACJA I DOSTĘP DO ELEKTRONICZNYCH DOKUMENTÓW ZDALNYCH
Link (URL) http://koha.tu.koszalin.pl/cgi-bin/koha/opac-detail.pl?biblionumber=29953
Tekst linku Katalog online BPK
942 ## - DODATKOWE ELEMENTY (KOHA)
Typ dokumentu Książka
Egzemplarze
Wycofany Status egzemplarza Uszkodzony Dostępność Lokalizacja stała Lokalizacja bieżąca Miejsce przechowywania Sygnatura Kod kreskowy Typ dokumentu
      Dostępny Biblioteka Politechniki Koszalińskiej Biblioteka Politechniki Koszalińskiej Wypożyczalnia BG 36431 01593945 Książka
© 2023 Biblioteka Politechniki Koszalińskiej :: KOHA